States with the most ski resorts - Statistics

General Stats
  • This quiz has been taken 132 times
  • The average score is 9 of 23
Answer Stats
Hint Answer % Correct
50 New York
86%
28 Colorado
63%
29 California
54%
24 Vermont
50%
14 Utah
48%
38 Michigan
44%
17 Montana
41%
5 Connecticut/Nevada/West Virginia
40%
10 Alaska/New Mexico
39%
16 Idaho/Washington
39%
19 Maine
39%
26 New Hampshire
39%
13 Massachusetts/Oregon
37%
4 Arizona/Iowa/North Dakota/Virginia
35%
8 Wyoming
35%
32 Pennsylvania
34%
34 Wisconsin
34%
1 Alabama/Maryland/Rhode Island/Tennessee
32%
3 Indiana/New Jersey/South Dakota
30%
18 Minnesota
29%
6 Ohio
27%
7 Illinois/North Carolina
26%
2 Missouri
10%
No matching quizzes found
Score Distribution
Percent of People with Each Score
Percentile by Number Answered
Your Score History
You have not taken this quiz